000 00438nam a2200157Ii 4500
003 JO-AjNU
008 230606s9999||||xx |||||||||||||| ||und||
040 _aJO-AjNU
_beng
_erda
_cJO-AjNU
041 _aeng
100 3 _aJILLIAN, HUNTER,
_eauthor
_92466
245 0 2 _aA Dukes Tampation
264 3 1 _aUSA: A SIGNET SELECT BOOK
336 _atext
_btxt
_2rdacontent
337 _aunmediated
_bn
_2rdamedia
338 _avolume
_bnc
_2rdacarrier
999 _aE1291
_c1291
_d1291